[Event "FIDE WYCC 2016 U14 boys"]
[Site "Khanty Mansiysk"]
[Date "2016.09.22"]
[Round "1.1"]
[White "Esipenko, Andrey"]
[Black "Ganerdene, Sugar"]
[Result "1-0"]
[WhiteElo "2490"]
[BlackElo "2056"]
[Annotator "Reinhold Goldau"]
[PlyCount "113"]
[EventDate "2016.09.??"]
[EventType "swiss"]
[EventRounds "11"]
[EventCountry "RUS"]
[SourceTitle "Youth Database"]
[Source "CBase R.Goldau"]
[SourceDate "2000.03.01"]
[TimeControl "40/5400+30:1800+30"]

1. d4 {[%emt 0:00:08]} Nf6 {[%emt 0:00:00]} 2. c4 {[%emt 0:00:38]} g6 {[%emt 0:
00:00]} 3. Nc3 {[%emt 0:00:15]} Bg7 {[%emt 0:00:00]} 4. e4 {[%emt 0:00:15]} d6
{[%emt 0:00:06]} 5. Nf3 {[%emt 0:00:06]} O-O {[%emt 0:00:12]} 6. h3 {[%emt 0:
00:03]} e5 {[%emt 0:00:53]} 7. d5 {[%emt 0:00:05]} Na6 {[%emt 0:00:55]} 8. Be3
{[%emt 0:00:21]} Nh5 {[%emt 0:00:36]} 9. g3 {[%emt 0:04:12]} Nf6 {[%emt 0:07:
17]} 10. g4 {[%emt 0:01:01]} c6 {[%emt 0:01:11]} 11. Be2 {[%emt 0:03:46]} Qe7 {
[%emt 0:01:18]} 12. Nd2 {[%emt 0:01:48]} Nc7 {[%emt 0:01:39]} 13. g5 {[%emt 0:
15:25]} Nd7 {[%emt 0:01:52]} 14. h4 {[%emt 0:03:25]} cxd5 {[%emt 0:01:29]} 15.
cxd5 {[%emt 0:00:38]} b5 {[%emt 0:03:59]} 16. a3 {[%emt 0:04:25]} a5 {[%emt 0:
05:26]} 17. Nxb5 {[%emt 0:05:34]} Nxb5 {[%emt 0:03:37]} 18. Bxb5 {[%emt 0:00:
06]} f5 {[%emt 0:04:35]} 19. f3 {[%emt 0:04:40]} Rb8 {[%emt 0:12:48]} 20. Qe2 {
[%emt 0:08:29]} Nb6 {[%emt 0:04:37]} 21. Nb3 {[%emt 0:08:15]} Qa7 {[%emt 0:12:
13]} 22. h5 {[%emt 0:02:10]} Bd7 {[%emt 0:15:34]} 23. Bd3 {[%emt 0:06:34]} f4 {
[%emt 0:01:59]} 24. Bf2 {[%emt 0:01:12]} Rfc8 {[%emt 0:03:58]} 25. Nd2 {
[%emt 0:03:08]} Qc7 {[%emt 0:00:28]} 26. b3 {[%emt 0:05:35]} a4 {[%emt 0:01:33]
} 27. b4 {[%emt 0:03:55]} Qc3 {[%emt 0:06:52]} 28. O-O {[%emt 0:00:50]} Qc7 {
[%emt 0:00:59]} 29. Bh4 {[%emt 0:01:56]} Kf7 {[%emt 0:00:39]} 30. h6 {[%emt 0:
01:37]} Bf8 {[%emt 0:00:06]} 31. Ba6 {[%emt 0:00:04]} Re8 {[%emt 0:01:24]} 32.
Rfc1 {[%emt 0:00:41]} Qd8 {[%emt 0:00:21]} 33. Qh2 {[%emt 0:02:21]} Be7 {
[%emt 0:00:35]} 34. Qg2 {[%emt 0:00:13]} Na8 {[%emt 0:01:17]} 35. Be2 {[%emt 0:
02:58]} Nb6 {[%emt 0:01:55]} 36. Rc3 {[%emt 0:00:46]} Rc8 {[%emt 0:00:52]} 37.
Rac1 {[%emt 0:00:46]} Rxc3 {[%emt 0:01:17]} 38. Rxc3 {[%emt 0:00:01]} Qb8 {
[%emt 0:00:35]} 39. Qf2 {[%emt 0:03:37]} Qd8 {[%emt 0:00:56]} 40. Kf1 {[%emt 0:
00:00]} Qb8 {[%emt 0:00:00]} 41. Ke1 {[%emt 0:04:33]} Rc8 {[%emt 0:08:24]} 42.
Rxc8 {[%emt 0:00:49]} Nxc8 {[%emt 0:04:02]} 43. Nc4 {[%emt 0:02:27]} Bd8 {
[%emt 0:01:16]} 44. Kd2 {[%emt 0:04:36]} Bb5 {[%emt 0:05:01]} 45. Qg1 {[%emt 0:
01:48]} Bd7 {[%emt 0:00:32]} 46. Bf2 {[%emt 0:02:07]} Kf8 {[%emt 0:05:43]} 47.
Bd3 {[%emt 0:01:16]} Ke8 {[%emt 0:01:39]} 48. b5 {[%emt 0:05:58]} Qa8 {[%emt 0:
09:06]} 49. Qb1 {[%emt 0:01:28]} Qb7 {[%emt 0:02:00]} 50. b6 {[%emt 0:00:27]}
Bxg5 {[%emt 0:00:40]} 51. Na5 {[%emt 0:00:18]} Qa8 {[%emt 0:00:18]} 52. b7 {
[%emt 0:00:14]} Qb8 {[%emt 0:00:41]} 53. Nc6 {[%emt 0:00:29]} Bxc6 {[%emt 0:00:
17]} 54. dxc6 {[%emt 0:00:07]} Bd8 {[%emt 0:00:05]} 55. bxc8=Q {[%emt 0:00:23]}
Qxc8 {[%emt 0:00:02]} 56. Qb5 {[%emt 0:00:41]} Bc7 {[%emt 0:00:23]} 57. Qd5 {
[%emt 0:00:20]} 1-0

[Event "FIDE WYCC 2016 U14 boys"]
[Site "Khanty Mansiysk"]
[Date "2016.09.22"]
[Round "1.2"]
[White "Marchuk, Rostislav"]
[Black "Sargsyan, Shant"]
[Result "1-0"]
[WhiteElo "2054"]
[BlackElo "2440"]
[Annotator "Reinhold Goldau"]
[PlyCount "57"]
[EventDate "2016.09.??"]
[EventType "swiss"]
[EventRounds "11"]
[EventCountry "RUS"]
[SourceTitle "Youth Database"]
[Source "CBase R.Goldau"]
[SourceDate "2000.03.01"]
[TimeControl "40/5400+30:1800+30"]

1. d4 {[%emt 0:00:00]} Nf6 {[%emt 0:00:00]} 2. Nf3 {[%emt 0:00:00]} e6 {
[%emt 0:00:21]} 3. e3 {[%emt 0:00:00]} b6 {[%emt 0:01:39]} 4. Bd3 {[%emt 0:00:
18]} Bb7 {[%emt 0:00:43]} 5. O-O {[%emt 0:00:17]} c5 {[%emt 0:00:43]} 6. c4 {
[%emt 0:00:31]} Be7 {[%emt 0:03:28]} 7. Nc3 {[%emt 0:00:24]} cxd4 {[%emt 0:01:
38]} 8. exd4 {[%emt 0:00:15]} d5 {[%emt 0:00:50]} 9. cxd5 {[%emt 0:00:38]} Nxd5
{[%emt 0:01:54]} 10. Ne5 {[%emt 0:00:27]} O-O {[%emt 0:04:00]} 11. Qh5 {
[%emt 0:02:04]} Nf6 {[%emt 0:05:48]} 12. Qh4 {[%emt 0:01:09]} Ne4 {[%emt 0:18:
19]} 13. Qg4 {[%emt 0:02:20]} Nxc3 {[%emt 0:06:13]} 14. bxc3 {[%emt 0:00:16]}
Bf6 {[%emt 0:03:53]} 15. Qh3 {[%emt 0:05:59]} g6 {[%emt 0:03:27]} 16. Ng4 {
[%emt 0:26:55]} Bg7 {[%emt 0:01:52]} 17. Nh6+ {[%emt 0:08:23]} Kh8 {[%emt 0:00:
20]} 18. Ba3 {[%emt 0:18:19]} f5 {[%emt 0:06:21]} 19. Rfe1 {[%emt 0:08:54]} Qf6
{[%emt 0:29:01]} 20. Bxf8 {[%emt 0:10:30]} Qxf8 {[%emt 0:00:50]} 21. Rxe6 {
[%emt 0:00:17]} Bxh6 {[%emt 0:01:16]} 22. Rae1 {[%emt 0:01:05]} Nd7 {[%emt 0:
06:14]} 23. Re7 {[%emt 0:10:12]} Rd8 {[%emt 0:00:33]} 24. Bc4 {[%emt 0:01:14]}
Bg7 {[%emt 0:01:54]} 25. Rf7 {[%emt 0:01:03]} Qa3 {[%emt 0:00:37]} 26. Qh4 {
[%emt 0:00:44]} Rg8 {[%emt 0:00:34]} 27. Rxd7 {[%emt 0:00:45]} Qxc3 {[%emt 0:
00:14]} 28. Qe7 {[%emt 0:00:29]} Be4 {[%emt 0:00:45]} 29. Qxg7+ {[%emt 0:00:16]
} 1-0

[Event "FIDE WYCC 2016 U14 boys"]
[Site "Khanty Mansiysk"]
[Date "2016.09.22"]
[Round "1.3"]
[White "Shevchenko, Kirill"]
[Black "Juksta, Karolis"]
[Result "1-0"]
[WhiteElo "2438"]
[BlackElo "2046"]
[Annotator "Reinhold Goldau"]
[PlyCount "113"]
[EventDate "2016.09.??"]
[EventType "swiss"]
[EventRounds "11"]
[EventCountry "RUS"]
[SourceTitle "Youth Database"]
[Source "CBase R.Goldau"]
[SourceDate "2000.03.01"]
[TimeControl "40/5400+30:1800+30"]

1. e4 {[%emt 0:00:00]} e6 {[%emt 0:00:00]} 2. d4 {[%emt 0:00:00]} d5 {[%emt 0:
00:00]} 3. Nd2 {[%emt 0:00:00]} c5 {[%emt 0:00:28]} 4. Ngf3 {[%emt 0:00:09]}
cxd4 {[%emt 0:02:13]} 5. Nxd4 {[%emt 0:00:22]} Nf6 {[%emt 0:00:16]} 6. exd5 {
[%emt 0:01:06]} Nxd5 {[%emt 0:02:10]} 7. N2f3 {[%emt 0:00:17]} Bb4+ {[%emt 0:
13:29]} 8. Bd2 {[%emt 0:00:39]} Bxd2+ 9. Qxd2 {[%emt 0:00:16]} O-O {[%emt 0:07:
15]} 10. O-O-O {[%emt 0:03:18]} Nd7 {[%emt 0:02:39]} 11. Bc4 {[%emt 0:11:13]}
N7b6 {[%emt 0:07:51]} 12. Bd3 {[%emt 0:04:11]} f6 {[%emt 0:11:27]} 13. c4 {
[%emt 0:13:58]} Qc7 {[%emt 0:09:18]} 14. b3 {[%emt 0:22:42]} e5 {[%emt 0:02:01]
} 15. Nb5 {[%emt 0:05:09]} Qc5 {[%emt 0:00:17]} 16. Qc2 {[%emt 0:09:12]} Nb4 {
[%emt 0:12:20]} 17. Bxh7+ {[%emt 0:00:35]} Kh8 {[%emt 0:00:22]} 18. Qe4 {
[%emt 0:01:36]} Bg4 {[%emt 0:09:45]} 19. Qxg4 {[%emt 0:09:39]} Kxh7 {[%emt 0:
00:08]} 20. Qh3+ {[%emt 0:03:53]} Kg8 {[%emt 0:00:49]} 21. Qe6+ {[%emt 0:00:47]
} Kh7 {[%emt 0:01:21]} 22. Qh3+ {[%emt 0:04:03]} Kg8 {[%emt 0:00:06]} 23. Qe6+
{[%emt 0:00:06]} Kh7 {[%emt 0:00:12]} 24. a3 {[%emt 0:01:10]} Nc6 {[%emt 0:04:
02]} 25. Rd3 {[%emt 0:06:11]} Rae8 {[%emt 0:03:17]} 26. Ng5+ {[%emt 0:00:50]}
Kg6 {[%emt 0:02:11]} 27. Ne4 {[%emt 0:01:23]} Qxa3+ {[%emt 0:01:35]} 28. Nxa3 {
[%emt 0:00:01]} Rxe6 {[%emt 0:00:09]} 29. Nc2 {[%emt 0:01:10]} Rd8 {[%emt 0:02:
27]} 30. Rxd8 {[%emt 0:00:21]} Nxd8 {[%emt 0:00:04]} 31. Rd1 {[%emt 0:00:29]}
Nf7 {[%emt 0:00:14]} 32. c5 {[%emt 0:00:37]} Nc8 {[%emt 0:00:12]} 33. b4 {
[%emt 0:00:32]} b6 {[%emt 0:03:12]} 34. Rd7 {[%emt 0:00:34]} bxc5 {[%emt 0:02:
51]} 35. Rc7 {[%emt 0:00:24]} Nfd6 {[%emt 0:00:06]} 36. Nxd6 {[%emt 0:00:35]}
Nxd6 {[%emt 0:00:07]} 37. bxc5 {[%emt 0:00:08]} Nb5 {[%emt 0:00:05]} 38. Rb7 {
[%emt 0:00:37]} a6 {[%emt 0:01:23]} 39. Nb4 {[%emt 0:00:31]} Nd4 {[%emt 0:00:
07]} 40. Nd5 {[%emt 0:00:00]} Kh6 {[%emt 0:00:00]} 41. Kb2 {[%emt 0:05:33]} a5
{[%emt 0:12:01]} 42. Rb6 {[%emt 0:01:36]} Rxb6+ {[%emt 0:17:51]} 43. cxb6 {
[%emt 0:00:38]} Nc6 {[%emt 0:00:13]} 44. b7 {[%emt 0:00:35]} Nb8 {[%emt 0:00:
32]} 45. Kb3 {[%emt 0:01:05]} Kg6 {[%emt 0:00:05]} 46. Ka4 {[%emt 0:00:21]} Kf7
{[%emt 0:00:30]} 47. Kxa5 {[%emt 0:00:10]} Ke6 {[%emt 0:00:09]} 48. Nc7+ {
[%emt 0:00:53]} Kd6 {[%emt 0:01:12]} 49. Na6 {[%emt 0:00:12]} Nc6+ {[%emt 0:01:
48]} 50. Ka4 {[%emt 0:01:50]} f5 {[%emt 0:00:21]} 51. b8=Q+ {[%emt 0:00:25]}
Nxb8 {[%emt 0:00:08]} 52. Nxb8 {[%emt 0:00:04]} e4 {[%emt 0:00:08]} 53. Kb3 {
[%emt 0:00:22]} g5 {[%emt 0:00:32]} 54. Kc4 {[%emt 0:00:24]} Ke5 {[%emt 0:00:
36]} 55. Nc6+ {[%emt 0:00:19]} Kf4 {[%emt 0:00:06]} 56. Kd4 {[%emt 0:00:15]} g4
{[%emt 0:00:53]} 57. Ne7 {[%emt 0:00:17]} 1-0

[Event "FIDE WYCC 2016 U14 boys"]
[Site "Khanty Mansiysk"]
[Date "2016.09.22"]
[Round "1.4"]
[White "Thilakarathne, G M H."]
[Black "Yakubboev, Nodirbek"]
[Result "0-1"]
[WhiteElo "2028"]
[BlackElo "2431"]
[Annotator "Reinhold Goldau"]
[PlyCount "76"]
[EventDate "2016.09.??"]
[EventType "swiss"]
[EventRounds "11"]
[EventCountry "RUS"]
[SourceTitle "Youth Database"]
[Source "CBase R.Goldau"]
[SourceDate "2000.03.01"]
[TimeControl "40/5400+30:1800+30"]

1. e4 {[%emt 0:00:00]} c6 {[%emt 0:00:16]} 2. d4 {[%emt 0:00:00]} d5 {[%emt 0:
00:21]} 3. e5 {[%emt 0:00:00]} Bf5 {[%emt 0:00:34]} 4. Nf3 {[%emt 0:00:13]} e6
{[%emt 0:00:31]} 5. Be2 {[%emt 0:00:58]} Nd7 {[%emt 0:01:41]} 6. O-O {[%emt 0:
00:47]} h6 {[%emt 0:01:09]} 7. Nbd2 {[%emt 0:00:26]} Ne7 {[%emt 0:01:19]} 8.
Nb3 {[%emt 0:00:42]} Qc7 {[%emt 0:03:15]} 9. Bd2 {[%emt 0:11:18]} a5 {[%emt 0:
14:01]} 10. a4 {[%emt 0:03:28]} g5 {[%emt 0:03:14]} 11. Ne1 c5 {[%emt 0:03:32]}
12. Nxc5 {[%emt 0:24:21]} Nxc5 {[%emt 0:00:34]} 13. dxc5 {[%emt 0:00:11]} Nc6 {
[%emt 0:04:41]} 14. Bd3 {[%emt 0:08:16]} Bxc5 {[%emt 0:19:33]} 15. Bxf5 {
[%emt 0:01:40]} exf5 {[%emt 0:00:06]} 16. Nd3 {[%emt 0:02:40]} Bb6 {[%emt 0:01:
44]} 17. Re1 {[%emt 0:19:11]} O-O-O {[%emt 0:06:56]} 18. c3 {[%emt 0:10:24]}
Qd7 {[%emt 0:19:06]} 19. Qb3 {[%emt 0:01:52]} Ba7 {[%emt 0:00:48]} 20. Qb5 {
[%emt 0:00:34]} f4 {[%emt 0:01:01]} 21. b4 {[%emt 0:08:22]} axb4 {[%emt 0:01:
29]} 22. Nxb4 {[%emt 0:02:59]} Nxb4 {[%emt 0:02:07]} 23. Qxb4 {[%emt 0:01:34]}
Qc6 {[%emt 0:03:08]} 24. a5 {[%emt 0:01:13]} Rhe8 {[%emt 0:02:13]} 25. h4 {
[%emt 0:00:37]} Re6 {[%emt 0:01:22]} 26. a6 {[%emt 0:00:26]} bxa6 {[%emt 0:01:
06]} 27. Rab1 {[%emt 0:00:39]} Qb6 {[%emt 0:02:00]} 28. Qxb6 {[%emt 0:00:16]}
Bxb6 {[%emt 0:00:09]} 29. Bc1 {[%emt 0:00:33]} Bc7 {[%emt 0:01:02]} 30. hxg5 {
[%emt 0:00:19]} hxg5 {[%emt 0:00:14]} 31. Ba3 {[%emt 0:00:48]} Bxe5 {[%emt 0:
00:27]} 32. Rbc1 {[%emt 0:00:24]} Kd7 {[%emt 0:03:03]} 33. Bb4 {[%emt 0:00:17]}
g4 {[%emt 0:00:54]} 34. Red1 {[%emt 0:00:18]} Kc8 {[%emt 0:00:54]} 35. Rd3 {
[%emt 0:00:16]} Bc7 {[%emt 0:00:52]} 36. Rcd1 {[%emt 0:00:47]} Bb6 {[%emt 0:00:
14]} 37. Kf1 {[%emt 0:01:00]} Rh8 {[%emt 0:00:11]} 38. Kg1 {[%emt 0:00:38]} g3
{[%emt 0:00:13]} 0-1

[Event "FIDE WYCC 2016 U14 boys"]
[Site "Khanty Mansiysk"]
[Date "2016.09.23"]
[Round "2.1"]
[White "Pavlov, Danila"]
[Black "Esipenko, Andrey"]
[Result "0-1"]
[WhiteElo "2157"]
[BlackElo "2490"]
[Annotator "Reinhold Goldau"]
[PlyCount "146"]
[EventDate "2016.09.??"]
[EventType "swiss"]
[EventRounds "11"]
[EventCountry "RUS"]
[SourceTitle "Youth Database"]
[Source "CBase R.Goldau"]
[SourceDate "2000.03.01"]
[WhiteClock "0:20:01"]
[BlackClock "0:11:23"]

1. e4 e5 2. Nf3 Nc6 3. Bb5 a6 4. Bxc6 dxc6 5. O-O Qf6 6. d4 exd4 7. Qxd4 Qxd4
8. Nxd4 Bd7 9. Be3 O-O-O 10. Nc3 Re8 11. f3 Bd6 12. Rfe1 Ne7 13. Nb3 b6 14.
Rad1 c5 15. Bf2 Be5 16. Be3 a5 17. Nc1 Bxc3 18. bxc3 Be6 19. a3 Nc6 20. Nd3 Na7
21. Bc1 Nb5 22. Bb2 Nd6 23. Bc1 Nc4 24. Re2 Kb7 25. Rde1 Re7 26. Nf2 Kc6 27.
Nd1 Kb5 28. Ne3 Rd8 29. Nxc4 Kxc4 30. Re3 Red7 31. Kf2 Kb5 32. R3e2 Bc4 33. Re3
Ka4 34. e5 Kb5 35. h3 Be6 36. R3e2 Kc4 37. Bb2 h5 38. Re4+ Kb5 39. g4 hxg4 40.
hxg4 Rd2+ 41. R1e2 Rd1 42. c4+ Ka4 43. R4e3 g6 44. Kg3 R8d2 45. Rxd2 Rxd2 46.
Rc3 Rd1 47. Rd3 Rb1 48. Bc3 Bxc4 49. Rd7 Rc1 50. Rxc7 Rxc2 51. Be1 Kxa3 52. f4
Re2 53. Bf2 a4 54. Rc6 b5 55. Bxc5+ Kb3 56. Ra6 g5 57. f5 Rxe5 58. Bd4 Re4 59.
Bf2 Be2 60. Rf6 Rxg4+ 61. Kh3 Rf4 62. Kg3 Bg4 63. Rxf7 Rxf5 64. Re7 Rf3+ 65.
Kg2 Rd3 66. Re5 Bf3+ 67. Kh2 Bd5 68. Rxg5 a3 69. Bg3 Rd2+ 70. Kh3 Be6+ 71. Kh4
Rd4+ 72. Kh5 Rd5 73. Be5 a2 0-1

[Event "FIDE WYCC 2016 U14 boys"]
[Site "Khanty Mansiysk"]
[Date "2016.09.23"]
[Round "2.2"]
[White "Zhou, Junfeng"]
[Black "Shevchenko, Kirill"]
[Result "0-1"]
[WhiteElo "2125"]
[BlackElo "2438"]
[Annotator "Reinhold Goldau"]
[PlyCount "96"]
[EventDate "2016.09.??"]
[EventType "swiss"]
[EventRounds "11"]
[EventCountry "RUS"]
[SourceTitle "Youth Database"]
[Source "CBase R.Goldau"]
[SourceDate "2000.03.01"]
[WhiteClock "0:20:32"]
[BlackClock "0:05:05"]

1. c4 Nf6 2. Nc3 g6 3. g3 Bg7 4. Bg2 O-O 5. Nf3 d6 6. O-O e5 7. Rb1 a5 8. a3
Re8 9. d3 c6 10. b4 axb4 11. axb4 d5 12. e4 d4 13. Na4 b5 14. cxb5 cxb5 15. Nc5
Nc6 16. Bg5 Re7 17. Nd2 h6 18. Bxf6 Bxf6 19. f4 Ra3 20. Rb2 Qd6 21. Nb1 Rc3 22.
Rb3 exf4 23. e5 Bxe5 24. Ne4 Qc7 25. Nbxc3 dxc3 26. Nxc3 Be6 27. Nd5 Bxd5 28.
Bxd5 Nd4 29. Ra3 Qd6 30. Be4 fxg3 31. hxg3 Bxg3 32. Ra8+ Kg7 33. Qa1 Be5 34.
Qa2 Qd7 35. Qg2 f5 36. Bf3 Ne6 37. Bd5 Ng5 38. Kh1 f4 39. d4 Bxd4 40. Rd1 Bf6
41. Rg8+ Kh7 42. Rxg6 Kxg6 43. Be4+ Rxe4 44. Rxd7 Re1+ 45. Kh2 f3 46. Qc2+ Ne4
47. Rd2 Be5+ 48. Kh3 Kh5 0-1

[Event "FIDE WYCC 2016 U14 boys"]
[Site "Khanty Mansiysk"]
[Date "2016.09.23"]
[Round "2.3"]
[White "Yakubboev, Nodirbek"]
[Black "Hua, Eugene"]
[Result "1/2-1/2"]
[WhiteElo "2431"]
[BlackElo "2142"]
[Annotator "Reinhold Goldau"]
[PlyCount "94"]
[EventDate "2016.09.??"]
[EventType "swiss"]
[EventRounds "11"]
[EventCountry "RUS"]
[SourceTitle "Youth Database"]
[Source "CBase R.Goldau"]
[SourceDate "2000.03.01"]
[WhiteClock "0:18:02"]
[BlackClock "0:29:01"]

1. f4 d5 2. Nf3 Nf6 3. g3 c5 4. Bg2 Nc6 5. O-O g6 6. d3 Bg7 7. Qe1 Bg4 8. Ne5
Nd4 9. Nxg4 Nxg4 10. Na3 Nf5 11. e4 Nfe3 12. Rf3 Nxg2 13. Kxg2 h5 14. h3 Nh6
15. c3 Qd7 16. Be3 b6 17. Bg1 Rd8 18. Qe2 O-O 19. Re1 e6 20. e5 Qa4 21. Rff1 f5
22. exf6 Rxf6 23. d4 Nf5 24. g4 hxg4 25. hxg4 Nd6 26. g5 Rf7 27. Qxe6 Ne4 28.
Qxg6 Rd6 29. Qh5 cxd4 30. Bxd4 Bxd4 31. cxd4 Qxd4 32. Re2 Rc6 33. Qh3 Rh7 34.
Qb3 Rc5 35. Rg1 Rh4 36. Qf3 Qh8 37. Rd1 Rh2+ 38. Kg1 Rh3 39. Qxe4 Rg3+ 40. Qg2
Rxg2+ 41. Rxg2 Qh4 42. Rf1 d4 43. Nc2 Qh3 44. Rh2 Qg3+ 45. Rg2 Qh3 46. Rh2 Qg3+
47. Rg2 Qh3 1/2-1/2

[Event "FIDE WYCC 2016 U14 boys"]
[Site "Khanty Mansiysk"]
[Date "2016.09.23"]
[Round "2.4"]
[White "Yeritsyan, Aram"]
[Black "Lomasov, Semen"]
[Result "0-1"]
[WhiteElo "2117"]
[BlackElo "2393"]
[Annotator "Reinhold Goldau"]
[PlyCount "170"]
[EventDate "2016.09.??"]
[EventType "swiss"]
[EventRounds "11"]
[EventCountry "RUS"]
[SourceTitle "Youth Database"]
[Source "CBase R.Goldau"]
[SourceDate "2000.03.01"]
[WhiteClock "0:01:36"]
[BlackClock "0:05:49"]

1. e4 e6 2. d4 d5 3. Nc3 Bb4 4. e5 c5 5. a3 Bxc3+ 6. bxc3 Qc7 7. Qg4 f6 8. Nf3
c4 9. h4 Nc6 10. Bf4 h5 11. Qg6+ Qf7 12. Qxf7+ Kxf7 13. Kd2 Nge7 14. g3 Bd7 15.
Bh3 Ng6 16. Ke3 Rhf8 17. g4 Kg8 18. Bh2 fxe5 19. Bxe5 Rxf3+ 20. Kxf3 Ncxe5+ 21.
dxe5 Nxe5+ 22. Kg3 hxg4 23. Rae1 Nf3 24. Re3 gxh3 25. Rxf3 e5 26. Re3 Re8 27.
Rd1 Re6 28. h5 Bc6 29. Kxh3 e4 30. Rg1 Bd7 31. Reg3 Re7+ 32. Kg2 Kh7 33. Kf1
Ba4 34. Ke2 Bxc2 35. Ke3 Bd3 36. Rg5 Rd7 37. Kd4 e3 38. Kxe3 Re7+ 39. Kd4 Be4
40. R1g3 Rf7 41. Ke3 Kh6 42. Re5 b6 43. f3 Bf5 44. Rxd5 Kxh5 45. Rd1 g5 46.
Rh1+ Kg6 47. Rhg1 Re7+ 48. Kf2 Kf6 49. Rxg5 Rd7 50. Rg8 Ke5 51. Kg3 Rd3 52.
Re1+ Kd6 53. Kf4 Bd7 54. Rg6+ Kc7 55. Re3 Rd5 56. Rg5 Rd6 57. Re4 b5 58. Rd4
Rf6+ 59. Ke5 Re6+ 60. Kd5 Kb6 61. Rg7 Bc8 62. Rg8 Rc6 63. Rd8 Bb7 64. Ke5 Rc5+
65. Kf4 Rh5 66. Kg4 Rh2 67. R4d6+ Kc5 68. Rd2 Rh1 69. f4 Rg1+ 70. Kf5 Rc1 71.
Rf2 Rxc3 72. Kg4 Rxa3 73. f5 Rd3 74. Rb8 Bd5 75. Rc8+ Kb4 76. Rb2+ Ka4 77. Rc5
b4 78. Ra2+ Kb3 79. Rxa7 c3 80. Rac7 Rd4+ 81. Kg5 Rc4 82. Rxc4 Bxc4 83. Rh7 c2
84. Rh1 Kb2 85. Rh2 Kb1 0-1

[Event "FIDE WYCC 2016 U14 boys"]
[Site "Khanty Mansiysk"]
[Date "2016.09.23"]
[Round "2.5"]
[White "Iniyan, P."]
[Black "Zhao, Chenxi"]
[Result "0-1"]
[WhiteElo "2368"]
[BlackElo "2124"]
[Annotator "Reinhold Goldau"]
[PlyCount "94"]
[EventDate "2016.09.??"]
[EventType "swiss"]
[EventRounds "11"]
[EventCountry "RUS"]
[SourceTitle "Youth Database"]
[Source "CBase R.Goldau"]
[SourceDate "2000.03.01"]

1. d4 Nf6 2. c4 g6 3. Nc3 Bg7 4. e4 d6 5. f3 O-O 6. Be3 Nc6 7. Nge2 e5 8. d5
Ne7 9. Qd2 Nd7 10. g4 f5 11. g5 a5 12. h4 Nc5 13. O-O-O fxe4 14. fxe4 Bg4 15.
Rg1 Qd7 16. Bxc5 dxc5 17. Qe3 b6 18. Qg3 Bxe2 19. Bxe2 Rf4 20. Bg4 Qd6 21. Ne2
Rxe4 22. Qd3 Rxg4 23. Rxg4 Rf8 24. Rgg1 Nf5 25. Rh1 Qe7 26. Qe4 Nd6 27. Qg4 Rf5
28. Rhf1 e4 29. Ng3 Qe5 30. Rd2 e3 31. Rg2 Rxf1+ 32. Nxf1 Nf5 33. Ng3 e2 34.
Rxe2 Qxg3 35. Qxg3 Nxg3 36. Re7 Nf5 37. Rxc7 Be5 38. Rb7 Nxh4 39. Rxb6 Bf4+ 40.
Kc2 Bxg5 41. Rb5 Nf5 42. Rxc5 h5 43. d6 h4 44. Kb3 h3 45. d7 Bd8 46. Rc8 Nd4+
47. Ka4 Ne6 0-1

[Event "FIDE WYCC 2016 U14 boys"]
[Site "Khanty Mansiysk"]
[Date "2016.09.23"]
[Round "2.6"]
[White "Zarubitski, Viachaslau"]
[Black "Golikov, Daniil"]
[Result "1/2-1/2"]
[WhiteElo "2340"]
[BlackElo "2114"]
[Annotator "Reinhold Goldau"]
[PlyCount "126"]
[EventDate "2016.09.??"]
[EventType "swiss"]
[EventRounds "11"]
[EventCountry "RUS"]
[SourceTitle "Youth Database"]
[Source "CBase R.Goldau"]
[SourceDate "2000.03.01"]

1. e4 e6 2. d4 d5 3. Nc3 Bb4 4. e5 Ne7 5. a3 Bxc3+ 6. bxc3 b6 7. Qg4 Ng6 8. h4
h5 9. Qd1 Ba6 10. Bxa6 Nxa6 11. Bg5 Qd7 12. Ne2 Qa4 13. Rh3 Qc4 14. Rd3 Nf8 15.
Nf4 g6 16. g4 Nh7 17. gxh5 Nxg5 18. hxg5 Nc5 19. Re3 Ne4 20. Qe2 Nxg5 21. Qxc4
dxc4 22. Ke2 gxh5 23. Rg1 Nh7 24. Nxh5 Ke7 25. Reg3 Nf8 26. Nf4 Rh7 27. Rg7
Rxg7 28. Rxg7 c6 29. Nh3 Ng6 30. Ng5 Rf8 31. Ke3 Nh4 32. Ke4 Nf5 33. Rh7 b5 34.
Rh1 Rg8 35. Kf4 a5 36. a4 b4 37. Rh7 Rf8 38. Kf3 b3 39. cxb3 cxb3 40. Rh1 Rb8
41. Ne4 b2 42. Rb1 Rb3 43. Ke2 c5 44. dxc5 Kd7 45. Kd3 Kc6 46. Kc2 Ra3 47. Kxb2
Rxa4 48. f3 Rc4 49. Kb3 Ne3 50. Re1 a4+ 51. Kb2 Ng2 52. Rd1 Nf4 53. Rd6+ Kc7
54. Ng5 Rxc5 55. Nxf7 Rxe5 56. Rd4 Re2+ 57. Ka3 Nd5 58. Ng5 Re3 59. Nxe6+ Kd6
60. Nf4 Rxc3+ 61. Kxa4 Ke5 62. Re4+ Kd6 63. Re6+ Kc5 1/2-1/2

[Event "FIDE WYCC 2016 U14 boys"]
[Site "Khanty Mansiysk"]
[Date "2016.09.23"]
[Round "2.7"]
[White "Davtyan, Artur"]
[Black "Bharambe, Bhavik C"]
[Result "0-1"]
[WhiteElo "2280"]
[BlackElo "2104"]
[Annotator "Reinhold Goldau"]
[PlyCount "150"]
[EventDate "2016.09.??"]
[EventType "swiss"]
[EventRounds "11"]
[EventCountry "RUS"]
[SourceTitle "Youth Database"]
[Source "CBase R.Goldau"]
[SourceDate "2000.03.01"]

1. d4 Nf6 2. c4 e6 3. Nc3 Bb4 4. Qc2 O-O 5. a3 Bxc3+ 6. Qxc3 d6 7. Bg5 Nbd7 8.
e3 b6 9. Ne2 c5 10. Qc2 Qc7 11. Rd1 Ba6 12. Nc3 d5 13. Qa4 cxd4 14. Rxd4 Nc5
15. Qd1 Nfe4 16. Nxe4 Nxe4 17. Bh4 f5 18. f3 Nd6 19. Bg3 Rfe8 20. Be5 Qd7 21.
Be2 Nf7 22. Bg3 Bb7 23. O-O Qe7 24. cxd5 Bxd5 25. e4 Bc6 26. exf5 exf5 27. Bc4
Rad8 28. Rxd8 Rxd8 29. Qb3 Bd5 30. Qb5 a6 31. Qxa6 Qc5+ 32. Bf2 Bxc4 33. Qa7
Qd5 34. Re1 b5 35. Qe3 h6 36. Qb6 Qd6 37. Qb7 Qd7 38. Qb6 Re8 39. Rxe8+ Qxe8
40. Qc5 Qd7 41. Bd4 Qe6 42. h3 Ng5 43. Kh2 Qg6 44. Be5 Ne6 45. Qc8+ Kh7 46. Kg1
Qg5 47. Qb8 Qe3+ 48. Kh2 Qd2 49. Qb6 Ng5 50. Qb7 Ne6 51. Qb6 Qe2 52. Bb8 Ng5
53. Qb7 Qxb2 54. f4 Ne6 55. a4 Qd2 56. Qf7 Qc2 57. Qd7 bxa4 58. Be5 a3 59. h4
Bf1 60. Qd5 Qxg2+ 61. Qxg2 Bxg2 62. Kxg2 Nc5 63. Kf3 a2 64. Ke3 Nb3 65. Kd3
a1=Q 66. Bxa1 Nxa1 67. Kc3 Kg6 68. Kb2 Kh5 69. Kxa1 Kxh4 70. Kb1 Kg3 71. Kc2 h5
72. Kd3 h4 73. Ke3 h3 74. Ke2 h2 75. Ke3 h1=Q 0-1

[Event "FIDE WYCC 2016 U14 boys"]
[Site "Khanty Mansiysk"]
[Date "2016.09.23"]
[Round "2.8"]
[White "Haring, Filip"]
[Black "Quirhuayo Chumbe, German Gonza"]
[Result "1-0"]
[WhiteElo "2099"]
[BlackElo "2255"]
[Annotator "Reinhold Goldau"]
[PlyCount "120"]
[EventDate "2016.09.??"]
[EventType "swiss"]
[EventRounds "11"]
[EventCountry "RUS"]
[SourceTitle "Youth Database"]
[Source "CBase R.Goldau"]
[SourceDate "2000.03.01"]

1. e4 c5 2. Nf3 d6 3. d4 cxd4 4. Nxd4 Nf6 5. Nc3 a6 6. Be3 Ng4 7. Bg5 h6 8. Bh4
g5 9. Bg3 Bg7 10. h3 Ne5 11. Be2 Nbc6 12. Nb3 b5 13. f3 Nc4 14. Bxc4 bxc4 15.
Nd2 Be6 16. Bf2 Qa5 17. O-O h5 18. h4 gxh4 19. f4 h3 20. g3 Bxc3 21. bxc3 h4
22. Kh2 hxg3+ 23. Bxg3 f6 24. Nf3 Qxc3 25. Rb1 Qe3 26. Re1 Qc5 27. e5 fxe5 28.
fxe5 d5 29. Ng5 Nd8 30. Qf3 Rf8 31. Qe2 Qc6 32. Bf2 Bg4 33. Qd2 Ne6 34. Bd4 Rg8
35. Nxe6 Qxe6 36. Rb6 Qf5 37. Rg1 Rg6 38. Rbb1 Bf3 39. Rxg6 Qxg6 40. Rg1 Bg2
41. Bf2 Kf7 42. Qf4+ Kg8 43. Qh4 Rf8 44. Bd4 e6 45. Qxh3 Bxh3 46. Rxg6+ Kh7 47.
Rf6 Re8 48. Kxh3 Kg7 49. Kg4 a5 50. Kf3 c3 51. Ke2 Re7 52. Kd3 a4 53. Bxc3 Re8
54. Kd4 Re7 55. a3 Re8 56. Bb4 Rg8 57. c3 Kh7 58. Kc5 Rc8+ 59. Kd6 d4 60. cxd4
Rd8+ 1-0